000 00428 a2200193 4500
001 127036
020 _a9788596001298
040 _cEscola Canadense de Niteroi
090 _aTeachers
100 _aGiovanni, José
245 1 0 _a360º Matemática: caderno de infográficos
250 _a1. ed.
260 _aSão Paulo
300 _bil.
362 0 _a2015
490 0 _a360º
650 4 _aMatemática
942 _cBK
999 _c127036
_d127036